| 000 | 00494cam a2200169 a 4500 | ||
|---|---|---|---|
| 001 | 3887751 | ||
| 005 | 20190819104235.0 | ||
| 008 | 901001s1991 pau d 000 0 eng c | ||
| 020 | _a0914783475 | ||
| 035 | _a(Sirsi) a150793 | ||
| 050 | _aR 123 CHA 1990 | ||
| 245 | _aThe Charles Press handbook of current medical abbreviations. | ||
| 250 | _a3rd ed. | ||
| 260 |
_aPhiladelphia : _bCharles Press Publishers, _cc1991. |
||
| 300 |
_avi, 184 p. ; _c19 cm. |
||
| 650 |
_aMedicine _xAbbreviations. |
||
| 999 |
_c102927 _d102927 |
||